| 000 | 00548nam a2200217Ia 4500 | ||
|---|---|---|---|
| 003 | GCL | ||
| 008 | 140319s9999 xx 000 0 eng d | ||
| 040 |
_aGCL / _cGCL |
||
| 082 | 0 | 4 |
_a808.893 _bM C |
| 100 | 1 | _aMILLER, JOHN | |
| 245 | 1 | 0 |
_aCAIRO / _cMILLER, JOHN |
| 700 | 1 | _aMILLER, KRISTEN | |
| 260 |
_a[S.N] : _bCHRONICLE BOOKS ، _c1994 |
||
| 300 | _a175 P | ||
| 650 | 0 | 4 | _aARABIC LITERATURE |
| 650 | 0 | 4 | _aNAGUIB MAHFOUZ |
| 650 | 0 | 4 | _aCAIRO, EGYPT |
| 650 | 0 | 4 | _aYEHIA HAKKI |
| 650 | 0 | 4 | _aCAIRO, SOCIAL LIFE AND CUSTOMS |
| 942 |
_2ddc _cBK |
||
| 999 |
_c20390 _d20390 |
||